<?xml version="1.0" encoding="UTF-8"?><?xml-stylesheet type="text/xsl" href="static/style.xsl"?><OAI-PMH xmlns="http://www.openarchives.org/OAI/2.0/" xmlns:xsi="http://www.w3.org/2001/XMLSchema-instance" xsi:schemaLocation="http://www.openarchives.org/OAI/2.0/ http://www.openarchives.org/OAI/2.0/OAI-PMH.xsd"><responseDate>2026-04-17T01:35:50Z</responseDate><request verb="GetRecord" identifier="oai:www.recercat.cat:2072/443477" metadataPrefix="marc">https://recercat.cat/oai/request</request><GetRecord><record><header><identifier>oai:recercat.cat:2072/443477</identifier><datestamp>2024-12-21T01:38:36Z</datestamp><setSpec>com_2072_220028</setSpec><setSpec>com_2072_4427</setSpec><setSpec>col_2072_220407</setSpec></header><metadata><record xmlns="http://www.loc.gov/MARC21/slim" xmlns:dcterms="http://purl.org/dc/terms/" xmlns:xsi="http://www.w3.org/2001/XMLSchema-instance" xmlns:doc="http://www.lyncode.com/xoai" xsi:schemaLocation="http://www.loc.gov/MARC21/slim http://www.loc.gov/standards/marcxml/schema/MARC21slim.xsd">
   <leader>00925njm 22002777a 4500</leader>
   <datafield ind2=" " ind1=" " tag="042">
      <subfield code="a">dc</subfield>
   </datafield>
   <datafield ind2=" " ind1=" " tag="720">
      <subfield code="a">Lapuente Mercadal, Pilar</subfield>
      <subfield code="e">author</subfield>
   </datafield>
   <datafield ind2=" " ind1=" " tag="720">
      <subfield code="a">Royo Plumed, Hernando</subfield>
      <subfield code="e">author</subfield>
   </datafield>
   <datafield ind2=" " ind1=" " tag="720">
      <subfield code="a">Cuchi Oterino, J. A.</subfield>
      <subfield code="e">author</subfield>
   </datafield>
   <datafield ind2=" " ind1=" " tag="720">
      <subfield code="a">Preite Martinez, Maria</subfield>
      <subfield code="e">author</subfield>
   </datafield>
   <datafield ind2=" " ind1=" " tag="260">
      <subfield code="c">2015</subfield>
   </datafield>
   <datafield ind2=" " ind1=" " tag="520">
      <subfield code="a">The territory of “Alto Aragon” closely matches the current province of Huesca in the northeast of Spain. Its geographic location between the Pyrenean range and the Ebro basin, offers a wide variety of stone as raw materials. After the area came under Roman rule, around 200 BC, several Roman cities and villas were established in the territory. Local sandstone and limestone were used
for buildings and pedestals. Limestone from several other locations, including Santa Tecla quarry (Tarraco) was used as marmora. A small sculpture carved from Giallo antico, has also been found in excavations of ancient Osca. For reasons unknown, local marble outcrops from the Spanish central Pyrenees were not exploited during Roman times. However a small but significant, number of
archaeological pieces, mostly of white marble, were found. A combination of archaeometric techniques has been used to determine the source of the raw materials: optical microscopy, cathodoluminescence, carbon and oxygen stable isotopes. A number of pieces were carved from French Pyrenean marbles and from the Classical quarrying areas of Luni-Carrara, Paros, Proconnesos and Pentelikon.</subfield>
   </datafield>
   <datafield ind1="8" ind2=" " tag="024">
      <subfield code="a">9788891307682</subfield>
   </datafield>
   <datafield ind1="8" ind2=" " tag="024">
      <subfield code="a">http://hdl.handle.net/2072/443477</subfield>
   </datafield>
   <datafield ind2="0" ind1="0" tag="245">
      <subfield code="a">Local stones and marbles found in the territory of “Alto Aragón” (Hispania), in Roman times</subfield>
   </datafield>
</record></metadata></record></GetRecord></OAI-PMH>